Statistics for Texas Basketball: Leading Scorer Every Year

Click here to take the quiz!

General Stats

  • This quiz has been taken 9 times
  • The average score is 11 of 73

Answer Stats

YearPlayerAverage% Correct
2006-2007Kevin Durant25.8
100%
2020-2021Andrew Jones14.6
78%
2021-2022Timmy Allen12.1
78%
2007-2008D.J. Augustin19.2
56%
2011-2012J'Covan Brown20.1
44%
1980-1981LaSalle Thompson19.2
44%
1981-1982LaSalle Thompson18.6
44%
2005-2006P.J. Tucker16.1
44%
2002-2003T.J. Ford15.0
44%
2018-2019Kerwin Roach14.6
33%
1948-1949Slater Martin16.0
33%
1947-1948Slater Martin12.7
33%
2008-2009A.J. Abrams16.6
22%
1999-2000Chris Mihm17.7
22%
2009-2010Damion James18.0
22%
2004-2005Daniel Gibson14.2
22%
2010-2011Jordan Hamilton18.6
22%
1949-1950Tom Hamilton15.1
22%
1967-1968Billy Arnold19.9
11%
1993-1994B.J. Tyler22.8
11%
2001-2002Chris Owens15.8
11%
2015-2016Isaiah Taylor15.0
11%
2014-2015Isaiah Taylor13.1
11%
1958-1959Jay Arnette14.2
11%
1959-1960Jay Arnette19.7
11%
1976-1977Jim Krivacs18.5
11%
1977-1978Jim Krivacs22.0
11%
1990-1991Joey Wright21.2
11%
1985-1986John Brownlee17.0
11%
2013-2014Jonathan Holmes12.8
11%
1997-1998Kris Clack17.8
11%
1972-1973Larry Robinson18.1
11%
1971-1972Larry Robinson21.9
11%
1973-1974Larry Robinson22.4
11%
2019-2020Matt Coleman12.7
11%
1965-1966Mickey White13.5
11%
1956-1957Raymond Downs22.2
11%
1954-1955Raymond Downs18.2
11%
1955-1956Raymond Downs26.4
11%
1996-1997Reggie Freeman21.8
11%
1995-1996Reggie Freeman22.4
11%
1979-1980Ron Baxter17.8
11%
1994-1995Terrence Rencher20.8
11%
1987-1988Travis Mays18.1
11%
1989-1990Travis Mays24.1
11%
1988-1989Travis Mays21.9
11%
1982-1983Bill Wendlandt15.3
0%
2003-2004Brandon Mouton13.9
0%
1983-1984Carlton Cooper17.2
0%
1975-1976Dan Krueger18.9
0%
1974-1975Dan Krueger13.2
0%
1991-1992Dexter Cambridge21.7
0%
1960-1961Donnie Lasiter14.8
0%
2017-2018Dylan Osetkowski13.4
0%
1953-1954Fred Saunders15.1
0%
1998-1999Gabe Muoneke16.5
0%
1950-1951James Dowies12.0
0%
1951-1952James Dowies13.0
0%
1970-1971Jimmy Blacklock16.7
0%
1963-1964Joe Fisher14.2
0%
1957-1958Kermit Decker12.4
0%
1968-1969Kurt Papp18.0
0%
1964-1965Larry Franks12.6
0%
2000-2001Maurice Evans15.6
0%
1992-1993Michael Richardson20.2
0%
1962-1963Mike Humphrey12.0
0%
1984-1985Mike Wacker16.7
0%
2012-2013Myck Kabongo14.6
0%
1966-1967Noel Stout16.0
0%
1986-1987Patrick Fairs17.0
0%
2016-2017Tevin Mack14.8
0%
1978-1979Tyrone Branyan18.1
0%
1969-1970Wayne Doyal17.3
0%

Score Distribution

Percentile by Number Answered

Percent of People with Each Score

Your Score History

You have not taken this quiz